000 02400nam a2200469 i 4500
001 768714001
003 CO-MdFUSB
005 20240516172510.0
007 ta
008 230328t19651961-usd|||f |||| 00| 0 eng d
040 _aCO-MdFUSB
_bspa
_cCO-MdFUSB
_dCO-MdFUSBC
_erda
041 _aeng
082 _223
_a220.93
_bB582
100 _aWright, G. Ernest
_eeditor
245 1 4 _aThe Bible and the Ancient Near East
_b: Essays in honor of William Foxwell Albright
_c/ editado por G. Ernest Wright
264 1 _aGarden City, New York ;
_bAnchor Books,
_c1965
264 4 _c©1961
300 _a542 páginas
_c; 18 cm
336 _2rdacontent
_atexto
_btxt
337 _2rdamedia
_asin mediación
_bn
338 _2rdacarrier
_avolumen
_bnc
504 _aIncluye índices y bibliografía
505 _tEstudio moderno de la literatura del Antiguo Testamento
_rJohn Bright, Union Theological Seminary
505 _tHistoria bíblica en transición
_rGeorge E. Mendenhall, University of Michigan
505 _tLa lengua hebrea en su trasfondo semítico del noroeste
_rWilliam L. Moran, S.J., Pontifical Biblical Institute
505 _tLa arqueología de Palestina
_rG. Ernest Wright, Harvard University
505 _tLa crítica textual del Antiguo Testamento
_rHarry M. Orlinsky, Hebrew Union College - Jewish Institute of Religion
505 _tEl desarrollo de las escrituras judías
_rFrank M. Cross, Jr., Harvard University
505 _tCronología del Antiguo Testamento
_rDavid Noel Freedman, Pittsburgh Theological Seminary
505 _tEl Antiguo Cercano Oriente: bibliografía cronológica y gráficos
_rEdward F. Campbell, Jr., McCormick Theological Seminary
505 _tHistoria y arqueología del sur de Arabia
_rGus W. Van Beek, Smithsonian Institution
505 _tLiteratura sumeria, un estudio general
_rSamuel Noah Kramer, University of Pennsylvania
505 _tTendencias formativas en la religión sumeria
_rThorkild Jacobsen, Universtiy of Chicago
505 _tEgipto: su lengua y literatura
_rThomas O. Lambdin, Harvard University
505 _tCultura y religión egipcias
_rJohn A. Wilson, University of Chicago
505 _tEstudios hititas y de Anatolia
_rAlbrecht Goetze, Yale University
563 _aRústica
650 7 _2embne
_92124
_aArqueología bíblica
942 _cBK
945 _aAF
999 _c68648
_d68648